000 00513cam a22002171 4500
001 sa 66006146
003 DLC
005 20260227112254.0
008 890227s1966 xx 000 0 ben
010 _asa 66006146
035 _a(OCoLC)23579329
040 _aDLC
_cMiU
_dDLC
042 _apremarc
050 0 0 _aPK1718.A22
_bY3
100 1 _aAbdur Rashid,
_d1919-
245 1 0 _aYakhana patitā chilāma.
260 _c[1966]
300 _a2, 114 p.
_c19 cm.
500 _aIn Bengali.
500 _aA novel.
999 _c70333
_d70333